00887nmm a22002175u 450000500170000000800410001702000180005805000250007610000210010124501100012225000110023226000340024330000160027749000610029365000570035465000670041165000930047871000340057177300200060585600440062520200708072408.0100301s2005 xx j eng d a978140203492304aGE190 .E85bW46 20051 aWenk, Michael S.14aThe European Union's Eco-Management and Audit Scheme (EMAS)h[electronic resource] /cby Michael S. Wenk. a1a ed. aDordrecht :bSpringer,c2005. bv.: digital 0aEco-Efficiency in Industry and Science,v16x1389-6970 ; 0a Política ambiental zPaises de la Unión Europea 0a Protección ambientalxNormasz Paises de la Unión Europea 0aAdministración de la producciónxAspectos ambientalesz Paises de la Unión Europea2 aSpringerLink (Online service)0 tSpringer eBooks40uhttp://dx.doi.org/10.1007/1-4020-3492-X